Normal view
MARC view
- Enciclopedias y diccionarios
Entry Materia
Number of records used in: 109
001 - NÚMERO DE CONTROL DEL REGISTRO
- campo de control: 2648
003 - IDENTIFICADOR DE NUMERO DE CONTROL
- campo de control: MX-MxUPN
005 - FECHA Y HORA DE LA ÚLTIMA TRANSACCIÓN
- campo de control: 20240812113815.0
008 - DATOS DE LONGITUD FIJA
- campo de control de longitud fija: 221024nn annnnbabn a ana |d
035 ## - NÚMERO DE CONTROL DEL SISTEMA
- Número de control del sistema: UPN10000002648
040 ## - FUENTE DE LA CATALOGACIÓN
- Centro catalogador de origen: MX-MxUPN
- Lengua de catalogación: spa
046 ## - FECHAS CON CODIFICACIÓN ESPECIAL
- Fecha final para contenidos agregados: 2022
150 ## - ENCABEZAMIENTO - TEMÁTICO
- Término de materia o nombre geográfico como elemento inicial: Enciclopedias y diccionarios
360 ## - REFERENCIA COMPLEJA DE VÉASE ADEMÁS - MATERIA
- Texto explicativo: usase subdivisión de
- Encabezamiento al que se remite: Diccionarios
- Texto explicativo: bajo cualquier asunto y
- Encabezamiento al que se remite: Enciclopedias
- Texto explicativo: bajo cualquier asunto
450 ## - VÉASE - MATERIA
- Encabezamiento temático: Diccionarios
450 ## - VÉASE - MATERIA
- Encabezamiento temático: Enciclopedias
670 ## - FUENTE EN LA QUE SE LOCALIZARON DATOS
- Cita de la fuente: E/P
902 ## - CATALOGADOR
- Catalogador: CAA/170206
